000
00338nam a2200133Ia 4500
008
151213s9999 xx 000 0 und d
100
_a
Will Hutton
245
_a
A Declaration of Interdependence
_c
Will Hutton
260
_a
London
_b
W. W. Norton
_c
2003
300
_a
1994 p.
650
_a
Reference
700
_a
Will Hutton
999
_c
1460
_d
1460